[Event "Skovbo GM 2014"]
[Site "?"]
[Date "2014.09.05"]
[Round "1.1"]
[White "Burmakin, Vladimir"]
[Black "Percivaldi, Martin"]
[Result "1-0"]
[WhiteElo "2584"]
[BlackElo "2327"]
[PlyCount "87"]
[EventDate "2014.??.??"]
[WhiteClock "1:28:16"]
[BlackClock "1:29:04"]

1. Nf3 d5 2. c4 c6 3. e3 Nf6 4. Nc3 a6 5. b3 Bf5 6. Bb2 h6 7. d4 e6 8. Bd3 Bxd3
9. Qxd3 Bb4 10. O-O O-O 11. a3 Bxc3 12. Qxc3 Nbd7 13. a4 a5 14. Nd2 c5 15. dxc5
Rc8 16. b4 axb4 17. Qxb4 Nxc5 18. Bd4 Nce4 19. Nxe4 Nxe4 20. cxd5 Qxd5 21. f3
Nc5 22. Rfd1 Na6 23. Qb2 Rfd8 24. Rdb1 Qg5 25. Qxb7 Rc2 26. f4 Qg6 27. Qf3 Nc5
28. Qg3 Qxg3 29. hxg3 Ne4 30. Rb2 Rxb2 31. Bxb2 Nxg3 32. a5 Nf5 33. a6 Ra8 34.
a7 Kh7 35. Kf2 Ne7 36. Bd4 Nc6 37. Bc5 Kg6 38. Ra6 Nd8 39. Bd4 f6 40. Rd6 Nb7
41. Rd7 Na5 42. Rc7 Nb3 43. Bb6 Nd2 44. Ke1 1-0

[Event "Skovbo GM 2014"]
[Site "?"]
[Date "2014.09.05"]
[Round "1.2"]
[White "Frisk, Ellinor"]
[Black "Semcesen, Daniel"]
[Result "0-1"]
[WhiteElo "2302"]
[BlackElo "2472"]
[PlyCount "64"]
[EventDate "2014.??.??"]
[WhiteClock "0:02:01"]
[BlackClock "0:07:17"]

1. d4 d5 2. c4 c6 3. Nc3 Nf6 4. e3 g6 5. Nf3 Bg7 6. Be2 O-O 7. O-O b6 8. cxd5
cxd5 9. Bd2 Bb7 10. Rc1 Nc6 11. Qa4 a6 12. b4 Ne4 13. Qb3 e5 14. Rfd1 exd4 15.
Nxe4 dxe4 16. Nxd4 Ne5 17. Be1 Qg5 18. g3 Rac8 19. Qa3 b5 20. Rc5 Rxc5 21. bxc5
Rc8 22. Bb4 h5 23. h4 Qf6 24. Nb3 Nf3+ 25. Kg2 Qf5 26. Na5 Bd5 27. c6 Be6 28.
Rh1 Ne5 29. Nb7 Nd3 30. Bxd3 exd3 31. Rf1 Qh3+ 32. Kg1 Bd5 0-1

[Event "Skovbo GM 2014"]
[Site "?"]
[Date "2014.09.05"]
[Round "1.3"]
[White "Danielsen, Henrik"]
[Black "Brinck-Claussen, Bjørn"]
[Result "1-0"]
[WhiteElo "2488"]
[BlackElo "2234"]
[PlyCount "47"]
[EventDate "2014.??.??"]
[WhiteClock "0:52:54"]
[BlackClock "0:19:49"]

1. e4 e5 2. Nf3 Nc6 3. Be2 Nf6 4. d3 h6 5. c3 Be7 6. O-O d6 7. b4 a6 8. Nbd2
O-O 9. a4 d5 10. Bb2 Bd6 11. Re1 dxe4 12. dxe4 Be6 13. Qc2 a5 14. b5 Nb8 15.
Nc4 Bxc4 16. Bxc4 Nbd7 17. Rad1 Qc8 18. Nh4 Nb6 19. Bb3 Kh7 20. Bc1 Nbd7 21.
Nf5 Bc5 22. Qd3 Bxf2+ 23. Kxf2 Nc5 24. Qh3 1-0

[Event "Skovbo GM 2014"]
[Site "?"]
[Date "2014.09.05"]
[Round "1.4"]
[White "Akdag, Dara Sevkan"]
[Black "Smith, Axel"]
[Result "0-1"]
[WhiteElo "2228"]
[BlackElo "2481"]
[PlyCount "56"]
[EventDate "2014.??.??"]
[WhiteClock "0:06:38"]
[BlackClock "0:26:10"]

1. d4 d5 2. Nf3 Nf6 3. c4 c6 4. e3 Bg4 5. Nbd2 e6 6. Bd3 Nbd7 7. O-O Bd6 8. Qb3
Qb8 9. h3 Bh5 10. cxd5 exd5 11. e4 dxe4 12. Nxe4 O-O 13. Nxd6 Qxd6 14. g4 Bg6
15. Bxg6 hxg6 16. Qxb7 c5 17. dxc5 Nxc5 18. Qb4 Qd5 19. Qa3 Rfd8 20. Ng5 Nce4
21. Nxe4 Qxe4 22. Qg3 Qc2 23. f3 Rd1 24. Bf4 Rxa1 25. Rxa1 Re8 26. b4 Nd5 27.
Qh2 Re2 28. Rc1 Rxh2 0-1

[Event "Skovbo GM 2014"]
[Site "?"]
[Date "2014.09.05"]
[Round "1.5"]
[White "Antonsen, Mikkel Djernæs"]
[Black "Rosenkilde, Alexander"]
[Result "1-0"]
[WhiteElo "2459"]
[BlackElo "2228"]
[PlyCount "61"]
[EventDate "2014.??.??"]
[WhiteClock "0:21:45"]
[BlackClock "0:02:10"]

1. d4 Nf6 2. c4 e6 3. Nc3 Bb4 4. Qc2 O-O 5. a3 Bxc3+ 6. Qxc3 b6 7. Bg5 Bb7 8.
e3 h6 9. Bh4 d6 10. Ne2 Nbd7 11. Qc2 c5 12. Rd1 Rc8 13. Nc3 cxd4 14. Rxd4 d5
15. cxd5 Bxd5 16. e4 Bc6 17. e5 g5 18. exf6 gxh4 19. Ba6 Rc7 20. O-O Qxf6 21.
Rg4+ Kh8 22. Qd2 h3 23. Re1 Bxg2 24. Qd6 Rc5 25. Qxd7 Rd8 26. Qxa7 Rg5 27. Rg3
Rxg3 28. hxg3 Bf3 29. Kh2 Qd4 30. Re3 Bg2 31. Qxf7 1-0

[Event "Skovbo GM 2014"]
[Site "?"]
[Date "2014.09.05"]
[Round "1.6"]
[White "Pedersen, Henrik Dahl"]
[Black "Bekker-Jensen, Simon"]
[Result "0-1"]
[WhiteElo "2188"]
[BlackElo "2442"]
[PlyCount "160"]
[EventDate "2014.??.??"]
[WhiteClock "0:06:50"]
[BlackClock "0:24:13"]

1. d4 Nf6 2. c4 g6 3. g3 Bg7 4. Bg2 O-O 5. Nf3 d6 6. O-O c6 7. Nc3 Qa5 8. d5
cxd5 9. cxd5 Na6 10. Bg5 h6 11. Be3 Bd7 12. Qd2 Kh7 13. a3 Rfc8 14. b4 Qd8 15.
Bd4 Rc4 16. Rac1 Rac8 17. e4 Qc7 18. Qd3 Ng4 19. Bxg7 Kxg7 20. Ne2 Bb5 21. Rxc4
Qxc4 22. Qxc4 Rxc4 23. Nfd4 Ba4 24. Rc1 Rxc1+ 25. Nxc1 Ne5 26. Bf1 Nc7 27. Be2
Nd7 28. Ncb3 Kf6 29. f4 e5 30. dxe6 fxe6 31. Na5 b6 32. Nb7 e5 33. Nf3 Ke7 34.
Nh4 Bc6 35. Nxg6+ Kf6 36. Nd8 Bxe4 37. Nh8 exf4 38. Ndf7 f3 39. Bf1 Kg7 40. Bh3
Ne5 41. Nxd6 Bd3 42. Nc8 Nd5 43. Nxa7 Be2 44. Bf5 Ne3 45. Be4 N3g4 46. Bxf3
Nxf3+ 47. Kg2 Ne1+ 48. Kg1 Nc2 49. h3 Ne5 50. Nc8 b5 51. Kf2 Bc4 52. Nd6 Kxh8
53. g4 Kg7 54. Kg3 Nxa3 55. h4 Nc2 56. g5 h5 57. Kf4 Ng6+ 58. Ke4 Nxb4 59. Nf5+
Kf7 60. Ng3 Bd5+ 61. Kd4 Bf3 62. Kc5 Nc2 63. Kxb5 Nxh4 64. Kc4 Kg6 65. Kd3 Nb4+
66. Kc4 Nc6 67. Kc5 Kxg5 68. Nxh5 Kxh5 69. Kd6 Kg5 70. Ke6 Nf5 71. Kd7 Kf6 72.
Kc7 Ke6 73. Kb6 Kd5 74. Kb5 Be2+ 75. Kb6 Kd6 76. Kb7 Nfe7 77. Kb6 Nc8+ 78. Kb7
Kd7 79. Ka8 Bf3 80. Kb7 Nb4+ 0-1

[Event "Skovbo GM 2014"]
[Site "?"]
[Date "2014.09.05"]
[Round "1.7"]
[White "Skytte, Rasmus"]
[Black "Pedersen, Hans Dahl"]
[Result "1/2-1/2"]
[WhiteElo "2430"]
[BlackElo "2178"]
[PlyCount "171"]
[EventDate "2014.??.??"]
[WhiteClock "0:05:25"]
[BlackClock "0:12:05"]

1. e4 c5 2. Nc3 e6 3. Nge2 a6 4. g3 b5 5. Bg2 Bb7 6. O-O d6 7. d4 Nd7 8. dxc5
dxc5 9. Nf4 b4 10. Nb1 Ngf6 11. Qe2 Qc7 12. Nd2 Be7 13. Re1 Ne5 14. Nd3 Nfd7
15. Nxe5 Nxe5 16. Nc4 Nxc4 17. Qxc4 O-O 18. c3 Rac8 19. Bf4 Qc6 20. Rac1 a5 21.
cxb4 axb4 22. Be3 Rfd8 23. Red1 Rxd1+ 24. Rxd1 Qa6 25. Qxa6 Bxa6 26. Rd7 Kf8
27. b3 Ke8 28. Ra7 Bb5 29. e5 Bc6 30. Bxc6+ Rxc6 31. Kf1 c4 32. bxc4 Rxc4 33.
Ke2 Rc2+ 34. Kd1 Rc8 35. f4 Bc5 36. Bxc5 Rxc5 37. Ra4 Rc4 38. a3 Rd4+ 39. Ke2
Rc4 40. Kd2 Rc3 41. axb4 Rb3 42. Kc2 Rf3 43. Ra8+ Kd7 44. b5 Kc7 45. Ra7+ Kb6
46. Rxf7 g5 47. Rf6 gxf4 48. Rxf4 Re3 49. Rh4 Kxb5 50. Rxh7 Rxe5 51. Kd3 Kc5
52. Rd7 Re1 53. Kd2 Rh1 54. h4 Rg1 55. Rg7 Kd4 56. Rg4+ Ke5 57. Ke3 Ra1 58. Rf4
Ra3+ 59. Kf2 Kd5 60. h5 e5 61. Rh4 Ra2+ 62. Kf3 Ra3+ 63. Kg2 Ra2+ 64. Kh3 Ke6
65. h6 Ra8 66. Kg2 Ra2+ 67. Kf3 Ra3+ 68. Kg2 Ra2+ 69. Kh3 Ra8 70. h7 Rh8 71.
Kg4 Kf6 72. Kf3 Kg6 73. Rg4+ Kf6 74. Rh4 Kg6 75. Ke4 Rxh7 76. Rxh7 Kxh7 77.
Kxe5 Kg6 78. Kf4 Kf6 79. g4 Kg6 80. g5 Kg7 81. Kf5 Kf7 82. g6+ Kg7 83. Kg5 Kg8
84. Kh6 Kh8 85. g7+ Kg8 86. Kg6 1/2-1/2

[Event "Skovbo GM 2014"]
[Site "?"]
[Date "2014.09.05"]
[Round "1.8"]
[White "Stojanovski, Sandi"]
[Black "Ahlander, Björn"]
[Result "0-1"]
[WhiteElo "2174"]
[BlackElo "2385"]
[PlyCount "128"]
[EventDate "2014.??.??"]
[WhiteClock "0:00:36"]
[BlackClock "0:33:33"]

1. d4 c5 2. d5 e6 3. c4 exd5 4. cxd5 d6 5. Nc3 Ne7 6. e4 Ng6 7. f4 Be7 8. Nf3
a6 9. a4 Bg4 10. Be2 O-O 11. O-O Nd7 12. Nd2 Bxe2 13. Qxe2 Bf6 14. a5 Re8 15.
Nc4 Bd4+ 16. Kh1 Nf6 17. f5 Ne5 18. Nb6 Rb8 19. Bg5 Ned7 20. Nc4 Qe7 21. Bf4
Ne5 22. Nd2 Rbc8 23. h3 c4 24. Ra4 Nd3 25. Rxc4 Rxc4 26. Nxc4 Nxf4 27. Rxf4
Bxc3 28. bxc3 Nxd5 29. Rf3 Nf6 30. Nd2 d5 31. e5 Qxe5 32. Qxe5 Rxe5 33. Nb3 Ne4
34. Kg1 h5 35. g4 hxg4 36. hxg4 Nf6 37. g5 Ne4 38. g6 fxg6 39. fxg6 Rg5+ 40.
Kf1 Rxg6 41. Ke2 Rc6 42. Rd3 Nc5 43. Nxc5 Rxc5 44. Rf3 Rxa5 45. Kd3 Rc5 46. Kd4
b6 47. Rf1 a5 48. Rb1 a4 49. Rxb6 Ra5 50. Rb2 a3 51. Ra2 g6 52. Ke5 Kf7 53. Kd4
g5 54. c4 dxc4 55. Kxc4 Kg6 56. Kd4 g4 57. Ke3 Kf5 58. Kf2 Kf4 59. Kg2 Ra7 60.
Kf2 Ra4 61. Kg2 Ke3 62. Kf1 Kd3 63. Kf2 Kc3 64. Ke3 Kb3 0-1

[Event "Skovbo GM 2014"]
[Site "?"]
[Date "2014.09.05"]
[Round "1.9"]
[White "Jepson, Christian"]
[Black "Mølvig, Henrik"]
[Result "1-0"]
[WhiteElo "2406"]
[BlackElo "2152"]
[PlyCount "69"]
[EventDate "2014.??.??"]
[WhiteClock "0:06:32"]
[BlackClock "0:14:22"]

1. Nf3 Nf6 2. c4 g6 3. Nc3 Bg7 4. e4 d6 5. d4 O-O 6. Be2 e5 7. d5 a5 8. Bg5 h6
9. Bh4 Na6 10. Nd2 Qe8 11. O-O Bd7 12. b3 Nh7 13. a3 h5 14. f3 Bh6 15. Kh1 Nc5
16. Ra2 Be3 17. Bf2 Bxf2 18. Rxf2 Qe7 19. b4 axb4 20. axb4 Rxa2 21. Nxa2 Na4
22. Qc2 f5 23. Rf1 Nf6 24. Nc1 Kg7 25. Nd3 fxe4 26. fxe4 b6 27. Kg1 Ra8 28. Ra1
Qe8 29. Nf2 Ng4 30. Nxg4 Bxg4 31. Bxg4 hxg4 32. Nf1 Kh8 33. Ne3 b5 34. cxb5
Qxb5 35. Qc6 1-0

[Event "Skovbo GM 2014"]
[Site "?"]
[Date "2014.09.05"]
[Round "1.10"]
[White "Kjærgaard-Jensen, Jesper"]
[Black "Høi, Carsten"]
[Result "0-1"]
[WhiteElo "2151"]
[BlackElo "2399"]
[PlyCount "20"]
[EventDate "2014.??.??"]
[WhiteClock "1:05:29"]
[BlackClock "1:17:38"]

1. d4 Nf6 2. Nf3 d5 3. Bg5 Ne4 4. h4 f6 5. Bf4 c5 6. Bxb8 Rxb8 7. c3 cxd4 8.
Qxd4 e5 9. Nxe5 Bc5 10. Qd3 Bxf2+ 0-1

[Event "Skovbo GM 2014"]
[Site "Skovbo Kulturhus"]
[Date "2014.09.05"]
[Round "1.11"]
[White "Okhotnik, Vladimir"]
[Black "Eriksson, Christian Altenburg"]
[Result "1-0"]
[WhiteElo "2391"]
[BlackElo "2130"]
[PlyCount "79"]
[EventDate "2014.??.??"]
[BlackTeam "Tåstrup Skakforening"]

1. d4 d5 2. Nf3 Nf6 3. c4 dxc4 4. e3 Bg4 5. Bxc4 e6 6. Nc3 a6 7. O-O Nc6 8. h3
Bh5 9. Be2 Bd6 10. Qb3 O-O 11. Ng5 Bxe2 12. Nxe2 h6 13. Nf3 Qe7 14. Bd2 Rab8
15. Rac1 e5 16. dxe5 Nxe5 17. Nfd4 Ne4 18. Bc3 Nd3 19. Rcd1 Ndxf2 20. Rxf2 Nxf2
21. Kxf2 Qh4+ 22. Kg1 Qe4 23. Be1 Rfe8 24. Bf2 Rbd8 25. Nc3 Qg6 26. Qxb7 Rb8
27. Qc6 Re5 28. Rd2 Rc5 29. Qf3 Rxc3 30. bxc3 Rb1+ 31. Rd1 Qd3 32. Re1 c5 33.
Nf5 Be5 34. Ne7+ Kf8 35. Nf5 Kg8 36. e4 Rxe1+ 37. Bxe1 Qb1 38. Ne7+ Kh8 39. Kf1
Qxa2 40. Qf5 1-0

[Event "Skovbo GM 2014"]
[Site "Skovbo Kulturhus"]
[Date "2014.09.05"]
[Round "1.12"]
[White "Johansson, Alexander"]
[Black "Carstensen, Jacob"]
[Result "1/2-1/2"]
[WhiteElo "2083"]
[BlackElo "2360"]
[PlyCount "38"]
[EventDate "2014.??.??"]
[BlackTeam "Brønshøj Skakforening"]

1. d4 Nf6 2. Nc3 d5 3. Bg5 Nbd7 4. Qd3 h6 5. Bf4 c6 6. Nf3 b5 7. a3 a5 8. Ne5
Nxe5 9. dxe5 Nh5 10. Bd2 g6 11. e4 e6 12. Be2 Ba6 13. Qh3 b4 14. exd5 cxd5 15.
Nb5 Qd6 16. a4 Ng7 17. O-O Be7 18. c3 h5 19. cxb4 axb4 1/2-1/2

[Event "Skovbo GM 2014"]
[Site "Skovbo Kulturhus"]
[Date "2014.09.05"]
[Round "1.13"]
[White "Sylvan, Jacob"]
[Black "Madsen, Michael Ole"]
[Result "1-0"]
[WhiteElo "2336"]
[BlackElo "2077"]
[PlyCount "39"]
[EventDate "2014.??.??"]
[WhiteTeam "Skakklubben Nordkalotten"]
[BlackTeam "Allerød Skakklub"]

1. d4 d5 2. c4 e6 3. Nf3 dxc4 4. e3 Nf6 5. Bxc4 c5 6. O-O Nc6 7. Qe2 cxd4 8.
Rd1 Be7 9. exd4 O-O 10. Nc3 Nb4 11. Ne5 a6 12. Bb3 Nbd5 13. Rd3 Re8 14. Rh3 Qb6
15. Be3 Nxe3 16. fxe3 Bd6 17. Rf1 Qc7 18. Rxf6 Bxe5 19. dxe5 Qxe5 20. Rf1 1-0

[Event "Skovbo GM 2014"]
[Site "Skovbo Kulturhus"]
[Date "2014.09.05"]
[Round "1.15"]
[White "Brøndal, Paul"]
[Black "Skjoldager, Flemming"]
[Result "1-0"]
[WhiteElo "2052"]
[BlackElo "1876"]
[PlyCount "51"]
[EventDate "2014.??.??"]
[WhiteTeam "Allerød Skakklub"]
[BlackTeam "Holbæk Skakklub"]

1. c4 Nf6 2. Nc3 e6 3. e4 d6 4. d4 Nbd7 5. Nf3 Be7 6. Be2 O-O 7. O-O b6 8. Qc2
Bb7 9. b3 Rc8 10. Bb2 c5 11. d5 e5 12. Ne1 Ra8 13. g3 Ne8 14. f4 exf4 15. gxf4
Bf6 16. Nf3 Bxc3 17. Bxc3 f6 18. Bd3 h6 19. Qg2 Qe7 20. Nh4 Rf7 21. Nf5 Qf8 22.
Nxh6+ Kh8 23. Nxf7+ Qxf7 24. e5 dxe5 25. fxe5 Qh5 26. Rf3 1-0

[Event "Skovbo GM 2014"]
[Site "Skovbo Kulturhus"]
[Date "2014.09.05"]
[Round "1.16"]
[White "Simonsen, Per Barndorff"]
[Black "Knudsen, Jes Jacob West"]
[Result "1-0"]
[WhiteElo "1869"]
[BlackElo "1917"]
[PlyCount "67"]
[EventDate "2014.??.??"]
[WhiteTeam "Ishøj Skakklub"]
[BlackTeam "Allerød Skakklub"]

1. d4 f5 2. c4 Nf6 3. Nc3 d6 4. f4 g6 5. Nf3 Bg7 6. Qc2 O-O 7. e4 Nxe4 8. Nxe4
fxe4 9. Qxe4 Nc6 10. Bd2 Bf5 11. Qe3 a5 12. a3 a4 13. Bc3 e6 14. h3 h5 15. Be2
Na5 16. O-O Nb3 17. Rad1 Qd7 18. Ng5 Rae8 19. Bf3 d5 20. c5 Bf6 21. g4 hxg4 22.
hxg4 Bc2 23. Rde1 Bxg5 24. fxg5 Qb5 25. Be2 Qd7 26. Bd3 Bxd3 27. Qxd3 Qg7 28.
Rxf8+ Kxf8 29. Rf1+ Kg8 30. Rf6 Kh7 31. Qh3+ Kg8 32. Qd3 Kh7 33. Qb5 e5 34.
Qxe8 1-0

[Event "Skovbo GM 2014"]
[Site "Skovbo Kulturhus"]
[Date "2014.09.05"]
[Round "1.17"]
[White "Henriksen, Kasper"]
[Black "Borg, Flemming"]
[Result "1-0"]
[WhiteElo "1979"]
[BlackElo "1842"]
[PlyCount "97"]
[EventDate "2014.??.??"]
[WhiteTeam "Køge Skakklub"]
[BlackTeam "Allerød Skakklub"]

1. d4 d6 2. c4 e5 3. d5 f5 4. e4 fxe4 5. Nc3 Nf6 6. Bg5 Be7 7. h3 Nxd5 8. Nxd5
Bxg5 9. Nxc7+ Qxc7 10. Qh5+ Qf7 11. Qxg5 O-O 12. Qe3 Nc6 13. a3 Nd4 14. Rc1 Be6
15. Ne2 Bxc4 16. Nxd4 exd4 17. Bxc4 Qxc4 18. Rxc4 dxe3 19. fxe3 Rac8 20. Rxc8
Rxc8 21. Kd2 Kf7 22. Rf1+ Ke6 23. Rf4 d5 24. g4 Rc7 25. Rf8 Rf7 26. Re8+ Kd7
27. Rg8 Rf2+ 28. Kc3 Re2 29. Rxg7+ Kc6 30. Kd4 Rd2+ 31. Ke5 Rxb2 32. Rxh7 Rb3
33. Kf4 Rxa3 34. g5 Ra1 35. g6 Rg1 36. Kf5 Rf1+ 37. Ke5 Rg1 38. g7 a5 39. Rh6+
Kc5 40. Kf6 Rf1+ 41. Ke6 Rg1 42. Kf7 Rf1+ 43. Rf6 Rg1 44. Rg6 Rf1+ 45. Ke6 d4
46. exd4+ Kxd4 47. g8=Q e3 48. Qd8+ Ke4 49. Qd5+ 1-0

[Event "Skovbo GM 2014"]
[Site "Skovbo Kulturhus"]
[Date "2014.09.05"]
[Round "1.18"]
[White "Severinsen, Frank"]
[Black "Andersen, Daniel"]
[Result "0-1"]
[WhiteElo "1801"]
[BlackElo "1962"]
[PlyCount "61"]
[EventDate "2014.??.??"]
[WhiteTeam "Skakklubben K41"]
[BlackTeam "Frederikssund Skakklub"]

1. e4 c5 2. Nc3 Nc6 3. f4 d6 4. Nf3 g6 5. Bc4 Bg7 6. O-O e6 7. d3 Nge7 8. Qe1
O-O 9. Kh1 Nd4 10. Nxd4 cxd4 11. Ne2 d5 12. Bb3 a5 13. a4 Bd7 14. e5 Nc6 15.
Bd2 f6 16. c3 fxe5 17. c4 Qb6 18. Ra3 dxc4 19. Bxc4 Kh8 20. Rb3 Qc7 21. Ng3
exf4 22. Ne4 Ne5 23. Bxf4 Rxf4 24. Rxf4 Nxc4 25. Rf7 Ne5 26. Re7 Bf8 27. Rxh7+
Kxh7 28. Qh4+ Kg8 29. h3 Nf7 30. Nf6+ Kg7 31. Qxd4 0-1

[Event "Skovbo GM 2014"]
[Site "Skovbo Kulturhus"]
[Date "2014.09.05"]
[Round "1.19"]
[White "Stuhr, Peter Sebastian"]
[Black "Pawlak, Wojciech Zbigniew"]
[Result "1-0"]
[WhiteElo "1942"]
[BlackElo "1705"]
[PlyCount "127"]
[EventDate "2014.??.??"]
[WhiteTeam "Køge Skakklub"]
[BlackTeam "Køge Skakklub"]

1. e4 c6 2. Bc4 d5 3. Bb3 dxe4 4. Qh5 e6 5. f3 Nf6 6. Qh4 exf3 7. Nxf3 Be7 8.
d4 Qa5+ 9. Bd2 Qh5 10. Qg3 Qg4 11. Qf2 Ne4 12. Qe3 Nxd2 13. Nbxd2 Nd7 14. O-O
O-O 15. Ne4 b6 16. Neg5 Nc5 17. Bc4 Ba6 18. Bxa6 Nxa6 19. Nxh7 Qg6 20. Nhg5 Nb4
21. Qe4 Qxe4 22. Nxe4 c5 23. c3 Na6 24. dxc5 Nxc5 25. Nxc5 Bxc5+ 26. Kh1 Rad8
27. Rad1 f6 28. Nd4 Bxd4 29. cxd4 Rd5 30. Rfe1 Kf7 31. Re2 e5 32. Rc2 Rfd8 33.
Rc7+ R8d7 34. Rxd7+ Rxd7 35. d5 Ke7 36. g4 g5 37. Kg2 Kd6 38. Kf3 Rh7 39. Rd2
Rc7 40. b3 Rc5 41. Ke4 a6 42. Rf2 Ke7 43. d6+ Kxd6 44. Rxf6+ Kc7 45. Rh6 Rc2
46. Kxe5 Rxa2 47. Kf6 Rb2 48. Rh3 Rc2 49. Kxg5 b5 50. Kf4 b4 51. g5 Rg2 52.
Rh7+ Kb6 53. h4 a5 54. Rh6+ Kb5 55. h5 a4 56. bxa4+ Kxa4 57. Rb6 b3 58. h6 Rh2
59. Kf5 b2 60. Rxb2 Rxb2 61. h7 Rb5+ 62. Kg6 Rb8 63. Kh6 Rb1 64. g6 1-0

[Event "Skovbo GM 2014"]
[Site "Skovbo Kulturhus"]
[Date "2014.09.05"]
[Round "1.20"]
[White "Schmidt, Horst Hubert"]
[Black "Jacobsen, Mikkel Manosri"]
[Result "0-1"]
[WhiteElo "1754"]
[BlackElo "1886"]
[PlyCount "70"]
[EventDate "2014.??.??"]
[WhiteTeam "Brønshøj Skakforening"]
[BlackTeam "BMS Skak"]

1. d4 d5 2. Nf3 Nf6 3. e3 Bg4 4. Be2 e6 5. O-O c5 6. c4 Nc6 7. cxd5 exd5 8. Nc3
c4 9. b3 Qa5 10. Bb2 b5 11. Ne5 Bxe2 12. Qxe2 Rc8 13. bxc4 dxc4 14. Nxc6 Rxc6
15. Qf3 Qb6 16. d5 Rc7 17. a4 b4 18. Nb5 Rd7 19. d6 Bxd6 20. Bxf6 gxf6 21. Qe4+
Be5 22. f4 a6 23. Nd4 Rxd4 24. Qa8+ Ke7 25. Qxh8 Rd8 26. Qxh7 Qxe3+ 27. Kh1
Bxa1 28. Rxa1 Qe2 29. Qb1 b3 30. Qg1 Kf8 31. Re1 Qd2 32. Qc5+ Kg7 33. Rf1 c3
34. Qh5 c2 35. Qg4+ Kf8 0-1

[Event "Skovbo GM 2014"]
[Site "Skovbo Kulturhus"]
[Date "2014.09.05"]
[Round "1.21"]
[White "Kristensen, Bjarke Hautop"]
[Black "Sørensen, Lindved"]
[Result "1/2-1/2"]
[WhiteElo "1936"]
[BlackElo "1728"]
[PlyCount "57"]
[EventDate "2014.??.??"]
[WhiteTeam "Sorø Skakklub"]
[BlackTeam "Faxe Skakklub"]

1. c4 c5 2. g3 g6 3. Bg2 Bg7 4. Nc3 e6 5. Nf3 Ne7 6. d4 Qa5 7. O-O Nbc6 8. d5
Nd4 9. dxe6 dxe6 10. Nxd4 cxd4 11. Nb5 O-O 12. Nxd4 Rd8 13. Nb3 Qc7 14. Qc2 e5
15. Bd2 Rb8 16. Rac1 Be6 17. Rfd1 Nc6 18. c5 Nd4 19. Nxd4 Rxd4 20. b4 Rbd8 21.
Bc3 Rxd1+ 22. Rxd1 Rxd1+ 23. Qxd1 b6 24. cxb6 axb6 25. Qd2 Bxa2 26. Bxe5 Qxe5
27. Qxa2 Qa1+ 28. Qxa1 Bxa1 29. b5 1/2-1/2

[Event "Skovbo GM 2014"]
[Site "Skovbo Kulturhus"]
[Date "2014.09.05"]
[Round "1.22"]
[White "Sørensen, Bernhard W"]
[Black "Mølvig, Julius"]
[Result "0-1"]
[WhiteElo "1684"]
[BlackElo "1913"]
[PlyCount "92"]
[EventDate "2014.??.??"]
[WhiteTeam "Hillerød Skakklub"]
[BlackTeam "BMS Skak"]

1. d4 Nf6 2. e3 g6 3. Bd3 Bg7 4. b3 O-O 5. Bb2 d6 6. Ne2 c5 7. O-O a6 8. c4 Nc6
9. Nd2 Rb8 10. Ne4 cxd4 11. exd4 d5 12. Nd2 Re8 13. Nf3 Bg4 14. Ne5 Nxe5 15.
dxe5 Nd7 16. f4 Nc5 17. Qc2 Nxd3 18. Qxd3 dxc4 19. Qe3 cxb3 20. axb3 Bxe2 21.
Qxe2 Qb6+ 22. Kh1 Qxb3 23. Ba3 b5 24. Rf3 Qe6 25. Re3 Rec8 26. Rd1 b4 27. Bb2
Qc4 28. Qf2 Qc2 29. Rd2 Qc4 30. Red3 a5 31. Rd4 Qc6 32. Rd7 Bf8 33. h3 a4 34.
f5 a3 35. fxg6 hxg6 36. Qd4 axb2 37. Qxb2 Qc1+ 38. Kh2 Qxb2 39. Rxb2 b3 40. Rd3
Bg7 41. Re3 Rc2 42. Rbxb3 Rxb3 43. Rxb3 Bxe5+ 44. Kg1 Kg7 45. Rb7 Bd6 46. Kf1
f5 0-1

[Event "Skovbo GM 2014"]
[Site "Skovbo Kulturhus"]
[Date "2014.09.05"]
[Round "1.23"]
[White "Andersen, Troels Bækgård"]
[Black "Hagerup, Per"]
[Result "1-0"]
[WhiteElo "1919"]
[BlackElo "1664"]
[PlyCount "59"]
[EventDate "2014.??.??"]
[WhiteTeam "Roskilde Skakklub"]
[BlackTeam "Tølløse Skakklub"]

1. d4 Nf6 2. Nf3 e6 3. c4 d5 4. e3 Bb4+ 5. Nbd2 c6 6. a3 Bd6 7. Bd3 Nbd7 8. O-O
O-O 9. b4 Re8 10. Bb2 e5 11. dxe5 Nxe5 12. Nxe5 Bxe5 {(=)} 13. Qc2 h6 14. Nf3
Bxb2 15. Qxb2 Ne4 {(=)} 16. Qd4 Ng5 17. Nxg5 Qxg5 {(=)} 18. cxd5 cxd5 19. h4
Qe5 {(=)} 20. Qxe5 Rxe5 21. Rac1 Re7 22. Rc5 Be6 23. Rfc1 b6 24. Rc7 Rae8 {(=)}
25. Bb5 Rxc7 26. Rxc7 Rc8 27. Rxa7 Rc1+ 28. Kh2 Rc2 29. Ra8+ Kh7 30. Bd3+ 1-0

[Event "Skovbo GM 2014"]
[Site "Skovbo Kulturhus"]
[Date "2014.09.05"]
[Round "1.24"]
[White "Jørgensen, Orla Eilegaard"]
[Black "Kokholm, Daniel"]
[Result "0-1"]
[WhiteElo "1568"]
[BlackElo "1915"]
[PlyCount "56"]
[EventDate "2014.??.??"]
[WhiteTeam "Allerød Skakklub"]
[BlackTeam "Skakklubben K41"]

1. d4 d6 2. e4 Nf6 3. Nc3 Nbd7 4. Nf3 e5 5. Bc4 Be7 6. dxe5 dxe5 7. Ng5 O-O 8.
Bxf7+ Rxf7 9. Ne6 Qe8 10. Nxc7 Qd8 11. Nxa8 b5 12. Nd5 Nxe4 13. Nxe7+ Qxe7 14.
Be3 Ndf6 15. f3 Nc5 16. b4 Ne6 17. O-O Bb7 18. Nb6 axb6 19. c3 Qc7 20. Qc2 Nd5
21. Bd2 Nxb4 22. Qb3 Qc5+ 23. Kh1 Nd5 24. Rfe1 Ndc7 25. Be3 Qc6 26. Rad1 Rxf3
27. Rd8+ Kf7 28. Rd6 Rf1+ 0-1

[Event "Skovbo GM 2014"]
[Site "Skovbo Kulturhus"]
[Date "2014.09.05"]
[Round "1.25"]
[White "Hein, Jacob"]
[Black "Petersen, Henry"]
[Result "1-0"]
[WhiteElo "1450"]
[BlackElo "1455"]
[PlyCount "47"]
[EventDate "2014.??.??"]
[WhiteTeam "Espergærde Skakklub"]
[BlackTeam "Køge Skakklub"]

1. c4 e5 2. g3 c5 3. Nc3 Nc6 4. Bg2 Nf6 5. Nf3 b6 6. Nxe5 Qc7 7. d4 cxd4 8. Bf4
Bd6 9. Nb5 Qb8 10. Nxd6+ Qxd6 11. Nxc6 Qc5 12. Nxd4 Qa5+ 13. Qd2 d5 14. Qxa5
bxa5 15. cxd5 Bb7 16. Nc6 Bxc6 17. dxc6 Rc8 18. Bd6 h5 19. Rc1 Ng8 20. c7 f5
21. Bb7 Kd7 22. Bxc8+ Kxd6 23. Bxf5 Ne7 24. c8=Q 1-0